| 000 | 00656nam a2200205 a 4500 | ||
|---|---|---|---|
| 005 | 20230131063633.0 | ||
| 008 | 991125s1992 ag 000 0 spa u | ||
| 020 | _a950755050X | ||
| 035 | _aUPN01000023536 | ||
| 049 | _aF | ||
| 050 | 4 |
_aLB1715 _bL55 no.2 |
|
| 100 | 1 | _aPellegrino, Amalia | |
| 245 | 1 | 3 |
_aLa evolución de la expresión gráfica en el nivel inicial / _cAmalia Pellegrino, María Teresa Sarto. |
| 260 |
_aBuenos Aires : _bBraga, _c1992. |
||
| 300 |
_a23 p. : _bil. |
||
| 440 | 0 |
_aLineamientos. _pCuadernos de orientación educativa ; _v2 |
|
| 650 | 2 |
_aExpresión escrita _91524 |
|
| 700 | 1 |
_aSarto, María Teresa, _ecoaut. |
|
| 905 | _aLibro | ||
| 999 |
_c23536 _d23536 |
||